000 01792ngm a2200349 4500
003 dpl
005 20080723110517.0
007 DVD
008 ||||||sp199 xxu|||||c|||| 00| 0 eng d
010 _aDVD-000841-843
024 _aA1039
_c499.00
035 _aDVD-000841-843
040 _aDPL
_cDPL
082 _aDVD / LILO
245 _aLilo & Stitch
_cWalt Disney Home Entertainment
_h[videorecording] DVD/
246 _a.
260 _bWalt Disney Home Entertainment
300 _a1 videodisc DVD; (85 min.) :
_bsd., col. ;
_c4 3/4 in.
_fDVD
440 _aWalt Disney Home Entertainment
500 _aSole Distributor in India M/s. Excel Productions Autio Visuals Pvt. Ltd.
500 _aSpecial Features: "Create an alien Experiment" Game, The Look Of Lilo & Smith a
500 _a"Once Upon A Time" Begin with you and Disney Princes
500 _aThis DVD is Copy Protected
538 _aDolby Digital 5.1 -English, Mandarin, Cantonese Subtitles: English, MandarinBahasa,
538 _aAspect Ratio: 1.66:1, Presentation type: Wide Screen, Presentation Size 16x9, Format DVD 9 Dual Layer Single Sided Disc.
650 _aAnimated Movie
942 _cCF
_2ddc
_hDVD
_mLILO
999 _c16400
_d16400